| 000 | 00349nam a2200133Ia 4500 | ||
|---|---|---|---|
| 005 | 20260328104311.0 | ||
| 008 | 260328s9999||||xx |||||||||||||| ||und|| | ||
| 100 | _aEhmann, Sven | ||
| 245 | 4 |
_aThe New Nomads : _b temporary Spaces and a Life on the Move. / _cSven Ehmann |
|
| 260 | _bGestalten | ||
| 300 | _a122 p. | ||
| 650 | _aCHINA | ||
| 942 | _cBK | ||
| 999 |
_c10946 _d10946 |
||